Oxford handbook of psychiatry. / (Record no. 9214)
[ view plain ]
| 000 -LEADER | |
|---|---|
| fixed length control field | 02353cam a22004577a 4500 |
| 001 - CONTROL NUMBER | |
| control field | 17381150 |
| 003 - CONTROL NUMBER IDENTIFIER | |
| control field | OSt |
| 005 - DATE AND TIME OF LATEST TRANSACTION | |
| control field | 20220908111253.0 |
| 008 - FIXED-LENGTH DATA ELEMENTS--GENERAL INFORMATION | |
| fixed length control field | 120711s2013 enka f 001 0 eng d |
| 010 ## - LIBRARY OF CONGRESS CONTROL NUMBER | |
| LC control number | 2012944040 |
| 015 ## - NATIONAL BIBLIOGRAPHY NUMBER | |
| National bibliography number | GBB293197 |
| Source | bnb |
| 016 7# - NATIONAL BIBLIOGRAPHIC AGENCY CONTROL NUMBER | |
| Record control number | 016171916 |
| Source | Uk |
| 020 ## - INTERNATIONAL STANDARD BOOK NUMBER | |
| International Standard Book Number | 9780199693887 (pbk.) |
| 035 ## - SYSTEM CONTROL NUMBER | |
| System control number | (OCoLC)ocn810946942 |
| 040 ## - CATALOGING SOURCE | |
| Transcribing agency | LC |
| 042 ## - AUTHENTICATION CODE | |
| Authentication code | lccopycat |
| 050 00 - LIBRARY OF CONGRESS CALL NUMBER | |
| Classification number | RC456.O95 |
| 082 04 - DEWEY DECIMAL CLASSIFICATION NUMBER | |
| Classification number | 616.89 |
| Edition number | 23 |
| 100 1# - MAIN ENTRY--PERSONAL NAME | |
| Personal name | Semple, David |
| 9 (RLIN) | 372 |
| 245 10 - TITLE STATEMENT | |
| Title | Oxford handbook of psychiatry. / |
| Statement of responsibility, etc. | David Semple, Roger Smyth. |
| 250 ## - EDITION STATEMENT | |
| Edition statement | 3rd ed. |
| 260 ## - PUBLICATION, DISTRIBUTION, ETC. | |
| Place of publication, distribution, etc. | Oxford: |
| Name of publisher, distributor, etc. | Oxford University Press, |
| Date of publication, distribution, etc. | 2013. |
| 300 ## - PHYSICAL DESCRIPTION | |
| Extent | xxviii, 1057 p. : |
| Other physical details | ill. ; |
| Dimensions | 19 cm. |
| 490 1# - SERIES STATEMENT | |
| Series statement | Oxford handbooks |
| 490 1# - SERIES STATEMENT | |
| Series statement | Oxford medical publications |
| 500 ## - GENERAL NOTE | |
| General note | Includes index. |
| 505 ## - FORMATTED CONTENTS NOTE | |
| Formatted contents note | Contents: Thinking about psychiatry -- Psychiatric assessment -- Symptoms of psychiatric illness -- Evidence-based psychiatry -- Organic illness -- Schizophrenia and related psychoses -- Depressive illness -- Bipolar illness -- Anxiety and stress-related disorders -- Eating and impulse-control disorders -- Sleep disorders -- Reproductive psychiatry, sexual dysfunction and sexuality -- Personality disorders -- Old age psychiatry -- Substance misuse -- Child and adolescent psychiatry -- Forensic psychiatry -- Learning disability -- Liaison psychiatry -- Psychotherapy -- Legal issues -- Transcultural psychiatry -- Therapeutic issues -- Difficult and urgent situations -- Useful resources -- ICD-10/DSM-IV index -- |
| 650 #0 - SUBJECT ADDED ENTRY--TOPICAL TERM | |
| Topical term or geographic name entry element | Psychiatry |
| Form subdivision | Handbooks, manuals, etc. |
| 9 (RLIN) | 373 |
| 650 12 - SUBJECT ADDED ENTRY--TOPICAL TERM | |
| Topical term or geographic name entry element | Mental Disorders |
| General subdivision | therapy |
| Form subdivision | Handbooks. |
| 9 (RLIN) | 374 |
| 650 22 - SUBJECT ADDED ENTRY--TOPICAL TERM | |
| Topical term or geographic name entry element | Psychiatry |
| Form subdivision | Handbooks. |
| 9 (RLIN) | 375 |
| 700 1# - ADDED ENTRY--PERSONAL NAME | |
| Personal name | Smyth, Roger. |
| 9 (RLIN) | 376 |
| 830 #0 - SERIES ADDED ENTRY--UNIFORM TITLE | |
| Uniform title | Oxford medical publications. |
| 9 (RLIN) | 377 |
| 830 #0 - SERIES ADDED ENTRY--UNIFORM TITLE | |
| Uniform title | Oxford handbooks. |
| 9 (RLIN) | 378 |
| 856 42 - ELECTRONIC LOCATION AND ACCESS | |
| Materials specified | Contributor biographical information |
| Uniform Resource Identifier | <a href="http://www.loc.gov/catdir/enhancements/fy1409/2012944040-b.html">http://www.loc.gov/catdir/enhancements/fy1409/2012944040-b.html</a> |
| 856 42 - ELECTRONIC LOCATION AND ACCESS | |
| Materials specified | Publisher description |
| Uniform Resource Identifier | <a href="http://www.loc.gov/catdir/enhancements/fy1409/2012944040-d.html">http://www.loc.gov/catdir/enhancements/fy1409/2012944040-d.html</a> |
| 856 41 - ELECTRONIC LOCATION AND ACCESS | |
| Materials specified | Table of contents only |
| Uniform Resource Identifier | <a href="http://www.loc.gov/catdir/enhancements/fy1409/2012944040-t.html">http://www.loc.gov/catdir/enhancements/fy1409/2012944040-t.html</a> |
| 906 ## - LOCAL DATA ELEMENT F, LDF (RLIN) | |
| a | 7 |
| b | cbc |
| c | copycat |
| d | 2 |
| e | ncip |
| f | 20 |
| g | y-gencatlg |
| 942 ## - ADDED ENTRY ELEMENTS (KOHA) | |
| Source of classification or shelving scheme | Library of Congress Classification |
| Koha item type | Books |
| Withdrawn status | Lost status | Source of classification or shelving scheme | Damaged status | Not for loan | Home library | Current library | Shelving location | Date acquired | Total Checkouts | Full call number | Barcode | Date last seen | Price effective from | Koha item type |
|---|---|---|---|---|---|---|---|---|---|---|---|---|---|---|
| Library of Congress Classification | WISCONSIN INTERNATIONAL UNIVERSITY COLLEGE, GHANA KUMASI LIBRARY | WISCONSIN INTERNATIONAL UNIVERSITY COLLEGE, GHANA KUMASI LIBRARY | nursing | 03/07/2019 | RC456.O95(3e) | KSN/255/19 | 08/09/2022 | 08/09/2022 | Books |
